000 00251nam a2200097Ia 4500
008 190216s9999||||xx |||||||||||||| ||und||
100 _aSadasivan S N
245 0 _aHindi-Pathre Vyavahar Naya Anuvad
260 _b"Kitab Bhavan, New Delhi-2"
942 _cBK
999 _c18118
_d18118